Ḥāris al-bustān, (Record no. 45833)

MARC details
000 -LEADER
fixed length control field 00643cam a22002171 4500
001 - CONTROL NUMBER
control field ne 63000885
003 - CONTROL NUMBER IDENTIFIER
control field DLC
005 - DATE AND TIME OF LATEST TRANSACTION
control field 20260227111744.0
008 - FIXED-LENGTH DATA ELEMENTS--GENERAL INFORMATION
fixed length control field 861103q19601969ua a 000 1 ararc
010 ## - LIBRARY OF CONGRESS CONTROL NUMBER
LC control number ne 63000885
025 ## - OVERSEAS ACQUISITION NUMBER
Overseas acquisition number PL480:UAR-2147
035 ## - SYSTEM CONTROL NUMBER
System control number (OCoLC)14627974
040 ## - CATALOGING SOURCE
Original cataloging agency Princeton Univ. Libr.
Transcribing agency WaU
Modifying agency DLC
042 ## - AUTHENTICATION CODE
Authentication code premarc
050 00 - LIBRARY OF CONGRESS CALL NUMBER
Classification number PJ7816.A314
Item number H3
100 1# - MAIN ENTRY--PERSONAL NAME
Personal name Badawī, Maḥmūd.
245 10 - TITLE STATEMENT
Title Ḥāris al-bustān,
Statement of responsibility, etc. bi-qalam Maḥmūd al-Badawī.
260 ## - PUBLICATION, DISTRIBUTION, ETC.
Place of publication, distribution, etc. [al-Qāhirah,
Name of publisher, distributor, etc. al-Dār al-Qawmīyah lil-Ṭibāʻah wa-al-Nashr,
Date of publication, distribution, etc. 196-].
300 ## - PHYSICAL DESCRIPTION
Extent 160 p.
Other physical details illus.
Dimensions 24 cm.
490 0# - SERIES STATEMENT
Series statement al-Kitāb al-māsī

No items available.

Powered by Koha